Frontiers of biogeography

Detalles Bibliográficos
Título anterior:IBS newsletter
Autor Corporativo: International Biogeography Society
Formato: Electrónico Revista
Lenguaje:inglés
Publicado: [Westlake Village, Calif.?] : International Biogeography Society
Materias:
Acceso en línea:Full text available from Research Library: 01/01/2018 to present

MARC

LEADER 00000nas a22000007a 4500
001 ssj0000627267
003 WaSeSS
005 20200512172242.0
006 m d
007 cr n
008 090521c20099999cauqr p s s| a0eng c
010 |a  2009202728 
022 |a 1948-6596 
035 |a (WaSeSS)ssj0000627267 
037 |b International Biogeography Society, 2133 Basswood Ct., Westlake Village, CA 91361 
040 |a NSD  |b eng  |c NSD  |d DLC  |d CUS  |d OCLCQ  |d OCLCF  |d DLC  |d OCLCQ  |d WaSeSS 
042 |a pcc 
050 1 0 |a QH84 
082 1 0 |a 574  |2 14 
222 0 |a Frontiers of biogeography 
245 0 0 |a Frontiers of biogeography  |h [electronic resource]. 
260 |a [Westlake Village, Calif.?] :  |b International Biogeography Society 
310 |a Quarterly 
362 1 |a Began with vol. 1, issue 1 (Sept. 2009). 
506 |a License restrictions may limit access. 
588 |a Description based on: Vol. 1, issue 1 (Sept. 2009); title from pdf cover pg. (Biogeography.org, viewed June 24, 2011). 
588 |a Latest issue consulted: Vol. 3, issue 1 (June 2011) (viewed June 24, 2011). 
650 0 |a Biogeography  |v Periodicals. 
650 0 |a Biodiversity conservation  |v Periodicals. 
650 7 |a Biodiversity conservation.  |2 fast  |0 (OCoLC)fst01429861 
650 7 |a Biogeography.  |2 fast  |0 (OCoLC)fst00832095 
655 0 |a Electronic journals. 
710 2 |a International Biogeography Society. 
780 0 0 |t IBS newsletter  |w (DLC) 2007220391  |w (OCoLC)182727392 
850 |a DLC 
856 4 0 |z Full text available from Research Library: 01/01/2018 to present  |u https://search.proquest.com/publication/4379815